Impact of Corporate Governance on Organizational Performance: (Record no. 38545)
[ view plain ]
| 000 -LEADER | |
|---|---|
| fixed length control field | 00819nam a22001577a 4500 |
| 082 ## - DEWEY DECIMAL CLASSIFICATION NUMBER | |
| Classification number | RL.0056 |
| 100 ## - MAIN ENTRY--AUTHOR NAME | |
| Personal name | Laxman, Rajnalkar |
| Affiliation | Department of Commerce, Gulbarga University |
| Place | Kalaburagi, Karnataka |
| 245 ## - TITLE STATEMENT | |
| Title | Impact of Corporate Governance on Organizational Performance: |
| Sub Title | a study with reference to selected private and public sector undertaking in India/ |
| Statement of responsibility, etc | Rajnalkar Laxman |
| 260 ## - PUBLICATION, DISTRIBUTION, ETC. (IMPRINT) | |
| Place of publication | Kalaburagi, Karnataka: |
| Name of publisher/Sponsor | Indian Council of Social Science Research, |
| Year of publication | 2014. |
| 300 ## - PHYSICAL DESCRIPTION | |
| Number of Pages | 317p. |
| 500 ## - GENERAL NOTE | |
| General note | Included Bibliographical References and Appendices |
| 536 ## - FUNDING INFORMATION NOTE | |
| Funding Agency | Indian Council of Social Science Research |
| 650 ## - SUBJECT ADDED ENTRY--TOPICAL TERM | |
| Topical Term | Governance, Corporate |
| Form subdivision | Corporate internal investigations |
| General subdivision | Industrial management |
| Geographic subdivision | India |
| 650 ## - SUBJECT ADDED ENTRY--TOPICAL TERM | |
| Topical Term | Private-public sector |
| Form subdivision | Build-operate-transfer (Public contracts) |
| General subdivision | Cooperation |
| 942 ## - ADDED ENTRY ELEMENTS (KOHA) | |
| Source of classification or shelving scheme | Dewey Decimal Classification |
| Koha item type | Research Reports |
| Withdrawn status | Lost status | Damaged status | Not for loan | Collection code | Home library | Current library | Date acquired | Source of acquisition | Full call number | Accession Number | Price effective from | Koha item type |
|---|---|---|---|---|---|---|---|---|---|---|---|---|
| Not For Loan | Major Research Project Reports | NASSDOC Library | NASSDOC Library | 05/07/2023 | Research Report Division | RL.0056 | 53817 | 05/07/2023 | Research Reports |
